[Event "GBR-ch 99th"]
[Site "North Shields"]
[Date "2012.07.27"]
[Round "5"]
[White "Harvey, Marcus Ross"]
[Black "Gormally, Daniel"]
[Result "1-0"]
[WhiteElo "2134"]
[BlackElo "2505"]
[PlyCount "140"]
[EventDate "2012.07.23"]
[EventType "swiss"]
[EventRounds "11"]
[EventCountry "ENG"]
[Source "John Saunders"]
[SourceDate "2015.07.24"]

1. g3 Nf6 2. c4 e5 3. Nc3 Nc6 4. Bg2 Bc5 5. d3 O-O 6. a3 d6 7. Nf3 h6 8. b4 Bb6
9. O-O Be6 10. e4 Nd4 11. Nxd4 Bxd4 12. Qb3 c6 13. Bb2 Ng4 14. Ne2 Bxf2+ 15.
Rxf2 Nxf2 16. Kxf2 f5 17. Kg1 Qg5 18. Bc1 Qg4 19. Qc2 h5 20. Be3 Qg6 21. d4 h4
22. Rf1 f4 23. gxf4 h3 24. Rf2 Bd7 25. dxe5 dxe5 26. Bc5 Rf7 27. f5 Qg4 28. Qd3
hxg2 29. Bd6 Re8 30. c5 Rf6 31. Rxg2 Qh4 32. Qg3 Qxg3 33. hxg3 Bxf5 34. exf5
Rxf5 35. Rf2 Rf6 36. Nc3 Kf7 37. a4 Rxf2 38. Kxf2 Ke6 39. b5 Rh8 40. Kg2 Kf5
41. Na2 Ke6 42. bxc6 bxc6 43. Nb4 Kd7 44. Bxe5 Re8 45. Nd3 Ke6 46. Bd6 a5 47.
Nf4+ Kd7 48. Kf3 Re1 49. Nd3 Ra1 50. Ne5+ Ke6 51. Nxc6 Rxa4 52. Ke3 Kd5 53.
Ne7+ Ke6 54. Nc8 Rc4 55. Kd3 Rc1 56. Nb6 g5 57. Kd2 Rb1 58. Nc4 Kd5 59. Kc2 Rb5
60. Ne3+ Kc6 61. Nf5 Rb4 62. Kc3 Rb1 63. Ne7+ Kd7 64. Kc2 Rb5 65. Nf5 Rb7 66.
Nd4 Rb4 67. Kc3 Rb1 68. Kc4 a4 69. Kd5 Rd1 70. c6+ Kc8 1-0

[Event "GBR-ch 99th"]
[Site "North Shields"]
[Date "2012.07.27"]
[Round "5"]
[White "Howell, David"]
[Black "Hanley, Craig"]
[Result "1-0"]
[WhiteElo "2620"]
[BlackElo "2419"]
[PlyCount "127"]
[EventDate "2012.07.23"]
[EventType "swiss"]
[EventRounds "11"]
[EventCountry "ENG"]
[Source "John Saunders"]
[SourceDate "2015.07.24"]

1. e4 c5 2. Nf3 d6 3. d4 cxd4 4. Nxd4 Nf6 5. Nc3 a6 6. h3 e6 7. g4 d5 8. exd5
Nxd5 9. Nde2 Bb4 10. Bg2 O-O 11. O-O Nxc3 12. Nxc3 Qc7 13. Qd4 Bd6 14. Ne4 Be5
15. Qc5 Nc6 16. c3 b6 17. Qe3 g6 18. g5 Bb7 19. Nf6+ Kh8 20. Re1 Rad8 21. Qe4
Ba8 22. Qh4 h5 23. gxh6 Ne7 24. Bg5 Nf5 25. Qg4 Bxg2 26. Kxg2 Rc8 27. Qe4 Bxf6
28. Bxf6+ Kh7 29. Rad1 Qc6 30. Qxc6 Rxc6 31. Rd7 b5 32. f4 Kxh6 33. Kf3 Kh7 34.
Red1 Kg8 35. Rd8 Rc8 36. R8d7 Rc6 37. R1d3 Ng7 38. Be7 Re8 39. Ra7 Nh5 40. Rdd7
f6 41. Rd6 Rc4 42. Rd4 Rc6 43. Rd6 Rc4 44. Rd4 Rc6 45. Ke3 Rec8 46. a4 R8c7 47.
Ra8+ Rc8 48. Rd8+ Rxd8 49. Bxd8 Kf7 50. a5 Rc4 51. Ra7+ Ke8 52. Bc7 Kd7 53.
Be5+ Kc8 54. Bd4 Nxf4 55. Kxf4 e5+ 56. Ke4 exd4 57. cxd4 f5+ 58. Ke5 Rc2 59. b4
Rb2 60. Rxa6 Rxb4 61. Rc6+ Kd7 62. Rxg6 Rb3 63. a6 Rxh3 64. Rg8 1-0

[Event "GBR-ch 99th"]
[Site "North Shields"]
[Date "2012.07.27"]
[Round "5"]
[White "Jackson, James P"]
[Black "Hawkins, Jonathan"]
[Result "1/2-1/2"]
[WhiteElo "2126"]
[BlackElo "2499"]
[PlyCount "133"]
[EventDate "2012.07.23"]
[EventType "swiss"]
[EventRounds "11"]
[EventCountry "ENG"]
[Source "John Saunders"]
[SourceDate "2015.07.24"]

1. e4 e5 2. Nf3 Nc6 3. Bb5 a6 4. Ba4 Nf6 5. O-O Be7 6. Re1 b5 7. Bb3 O-O 8. h3
Bb7 9. d3 d5 10. exd5 Nxd5 11. Nxe5 Nxe5 12. Rxe5 Qd6 13. Re1 Rae8 14. Nd2 c5
15. Nf3 Bd8 16. Rxe8 Rxe8 17. Bg5 Bc7 18. Bh4 Nf4 19. Bg3 Qf6 20. Bxf4 Qxf4 21.
Qd2 Qd6 22. Re1 Rd8 23. Qe3 Kf8 24. Qe5 Bxf3 25. Qxd6+ Rxd6 26. gxf3 Rg6+ 27.
Kh1 Rg5 28. Re4 Bd6 29. c3 Rg6 30. Bd5 Bc7 31. Bb7 Rd6 32. d4 f5 33. Re5 cxd4
34. Rxf5+ Ke7 35. cxd4 Bb6 36. d5 Bxf2 37. Re5+ Kf6 38. Re4 a5 39. a3 Bg3 40.
Bc6 Be5 41. b4 Bc3 42. bxa5 Bxa5 43. Kg2 Bd2 44. Rd4 Bc1 45. Rd3 Ke5 46. Kf2 g5
47. Ke2 Bf4 48. Rb3 Rh6 49. Bd7 Kxd5 50. Rxb5+ Kc4 51. Rb7 Rd6 52. a4 Rd2+ 53.
Ke1 Kc5 54. Bb5 h5 55. a5 Ra2 56. a6 Be3 57. Bd3 Kd5 58. Re7 Bd4 59. Rd7+ Kc5
60. a7 Bc3+ 61. Kf1 Kb6 62. Rd5 Rxa7 63. Rxg5 Ra1+ 64. Kg2 Ra2+ 65. Kf1 Ra1+
66. Kg2 Ra2+ 67. Kf1 1/2-1/2

[Event "GBR-ch 99th"]
[Site "North Shields"]
[Date "2012.07.27"]
[Round "5"]
[White "Jain, Radha"]
[Black "Sugden, John N"]
[Result "1/2-1/2"]
[WhiteElo "1868"]
[BlackElo "2142"]
[PlyCount "61"]
[EventDate "2012.07.23"]
[EventType "swiss"]
[EventRounds "11"]
[EventCountry "ENG"]
[Source "John Saunders"]
[SourceDate "2015.07.24"]

1. d4 Nf6 2. Nf3 e6 3. c4 b6 4. g3 Bb7 5. Bg2 Be7 6. O-O O-O 7. Nc3 Ne4 8. Qc2
Nxc3 9. Qxc3 f5 10. b3 Bf6 11. Bb2 d6 12. Qd2 Nd7 13. Rfd1 Be4 14. b4 Qe7 15.
d5 Bxb2 16. Qxb2 Bxf3 17. Bxf3 e5 18. a4 e4 19. Bg2 a5 20. f3 axb4 21. Qxb4 Ra5
22. fxe4 fxe4 23. Qb1 Nc5 24. Qc2 Qe5 25. e3 Raa8 26. Rd4 Rae8 27. a5 bxa5 28.
Rxa5 Qg5 29. Ra3 Qf5 30. Ra1 Qg5 31. Re1 1/2-1/2

[Event "GBR-ch 99th"]
[Site "North Shields"]
[Date "2012.07.27"]
[Round "5"]
[White "Jaunooby, Ali Reza"]
[Black "Storey, Charles"]
[Result "0-1"]
[WhiteElo "2165"]
[BlackElo "2247"]
[PlyCount "82"]
[EventDate "2012.07.23"]
[EventType "swiss"]
[EventRounds "11"]
[EventCountry "ENG"]
[Source "John Saunders"]
[SourceDate "2015.07.24"]

1. d4 Nf6 2. c4 g6 3. g3 c5 4. d5 d6 5. Bg2 b5 6. cxb5 Bg7 7. a4 a6 8. b6 a5 9.
Qb3 Bb7 10. Na3 e6 11. Bf4 O-O 12. Nc4 e5 13. Bd2 e4 14. Bxa5 Bxd5 15. Bc3 Nbd7
16. Qb5 Bxc4 17. Qxc4 d5 18. Qb5 Qxb6 19. Qxb6 Nxb6 20. b3 d4 21. Bb2 Nbd5 22.
Ba3 Rfc8 23. Rc1 Bf8 24. Nh3 Rab8 25. Ng5 Rxb3 26. Ra1 Nc3 27. Bh3 Ra8 28. Bc1
Rxa4 29. Rxa4 Nxa4 30. O-O Nc3 31. Re1 Rb1 32. Bf1 Bh6 33. h4 Nfd5 34. Bd2 Rxe1
35. Bxe1 c4 36. Bd2 Nb1 37. Bc1 f5 38. Bh3 Bxg5 39. hxg5 d3 40. exd3 cxd3 41.
g4 f4 0-1

[Event "GBR-ch 99th"]
[Site "North Shields"]
[Date "2012.07.27"]
[Round "5"]
[White "Kolbus, Dietmar"]
[Black "Shaw, Peter"]
[Result "1/2-1/2"]
[WhiteElo "2321"]
[BlackElo "2168"]
[PlyCount "131"]
[EventDate "2012.07.23"]
[EventType "swiss"]
[EventRounds "11"]
[EventCountry "ENG"]
[Source "John Saunders"]
[SourceDate "2015.07.24"]

1. c4 d6 2. Nc3 e5 3. d4 exd4 4. Qxd4 Nc6 5. Qd2 Nf6 6. e4 g6 7. b3 Bg7 8. Bb2
O-O 9. f3 Re8 10. Nge2 a6 11. Ng3 d5 12. Nxd5 Nxd5 13. Bxg7 Kxg7 14. cxd5 Ne5
15. Rc1 c6 16. dxc6 Nxc6 17. Qxd8 Rxd8 18. Rc3 Be6 19. Bd3 a5 20. Bc4 Bxc4 21.
bxc4 Nb4 22. Ke2 Nxa2 23. Ra3 Nb4 24. Rc1 b6 25. Nf1 Rac8 26. Ne3 Rc5 27. Rb3
h5 28. h4 b5 29. Ra3 bxc4 30. Rxc4 Rdc8 31. Rd4 Nc2 32. Nxc2 Rxc2+ 33. Rd2
Rxd2+ 34. Kxd2 Rc5 35. Kd3 Kf6 36. Kd4 Rb5 37. Kc4 Rb2 38. g3 Rg2 39. f4 Ke6
40. Kd4 Rg1 41. Rxa5 Rxg3 42. Ra6+ Ke7 43. Ke5 Rg4 44. f5 f6+ 45. Kd5 gxf5 46.
Ra7+ Kf8 47. exf5 Rxh4 48. Ke6 Rb4 49. Kxf6 Rb6+ 50. Kg5 h4 51. Kxh4 Rc6 52.
Kg5 Rb6 53. Rd7 Ra6 54. Kf4 Rb6 55. Ke5 Ra6 56. Rd6 Rxd6 57. Kxd6 Kf7 58. Ke5
Ke7 59. f6+ Kf7 60. Kf5 Kf8 61. Kg6 Kg8 62. Kg5 Kf7 63. Kf5 Kf8 64. Ke6 Ke8 65.
f7+ Kf8 66. Ke5 1/2-1/2

[Event "GBR-ch 99th"]
[Site "North Shields"]
[Date "2012.07.27"]
[Round "5"]
[White "Mackle, Dominic"]
[Black "Eggleston, David"]
[Result "1-0"]
[WhiteElo "2130"]
[BlackElo "2323"]
[PlyCount "157"]
[EventDate "2012.07.23"]
[EventType "swiss"]
[EventRounds "11"]
[EventCountry "ENG"]
[Source "John Saunders"]
[SourceDate "2015.07.24"]

1. d4 Nf6 2. c4 e6 3. Nf3 b6 4. g3 Bb7 5. Bg2 Be7 6. O-O O-O 7. d5 exd5 8. Nh4
c6 9. cxd5 Nxd5 10. Nf5 Nc7 11. Re1 d5 12. e4 Bf6 13. e5 Bc8 14. exf6 Bxf5 15.
fxg7 Re8 16. Nc3 Rxe1+ 17. Qxe1 Nd7 18. b4 Qf6 19. Bb2 Re8 20. Qd2 Ne5 21. Ne2
Qxg7 22. Rc1 Qg6 23. Qf4 Nd3 24. Qxc7 Nxc1 25. Nxc1 Qe6 26. h4 d4 27. Bxd4 Qe1+
28. Kh2 Qxc1 29. Qd6 c5 30. bxc5 bxc5 31. Bxc5 Qc4 32. Bxa7 Qxa2 33. Bd4 Qe6
34. Qf4 h6 35. Bc3 Kh7 36. Qd4 Rg8 37. Bd5 Qg6 38. Qe5 Rd8 39. Bf3 Rg8 40. h5
Qe6 41. Qd4 Qd7 42. Be4 Qe6 43. Bd5 Qe7 44. Bc4 Bg4 45. Qd3+ f5 46. Bxg8+ Kxg8
47. Qd4 Bxh5 48. Qh8+ Kf7 49. Qxh6 Bf3 50. Qh7+ Ke8 51. Qxf5 Qe4 52. Qxe4+ Bxe4
53. g4 Kf7 54. Kg3 Kg6 55. Kf4 Bc2 56. Ba5 Bd1 57. Bd8 Bc2 58. Ke3 Bd1 59. f3
Kf7 60. Kf4 Ke8 61. Bh4 Kf7 62. Kg3 Kg6 63. f4 Bc2 64. Kf2 Kh6 65. f5 Kg7 66.
Ke3 Kf7 67. Kf4 Bd1 68. Be1 Be2 69. Bc3 Bd1 70. g5 Bh5 71. Bd4 Kg8 72. g6 Bd1
73. f6 Bb3 74. Ke5 Kf8 75. Bc5+ Ke8 76. Kf5 Bc2+ 77. Kg5 Bb3 78. Kh6 Bc4 79.
Kg7 1-0

[Event "GBR-ch 99th"]
[Site "North Shields"]
[Date "2012.07.27"]
[Round "5"]
[White "Murphy, Hugh"]
[Black "Rudd, Jack"]
[Result "0-1"]
[WhiteElo "2180"]
[BlackElo "2295"]
[PlyCount "130"]
[EventDate "2012.07.23"]
[EventType "swiss"]
[EventRounds "11"]
[EventCountry "ENG"]
[Source "John Saunders"]
[SourceDate "2015.07.24"]

1. e4 e5 2. Nf3 Nc6 3. Nc3 Nf6 4. d4 exd4 5. Nxd4 Bb4 6. Nxc6 bxc6 7. Bd3 d5 8.
exd5 cxd5 9. O-O O-O 10. h3 c6 11. Qf3 Be6 12. Ne2 Rb8 13. Ng3 Re8 14. b3 Nd7
15. Bb2 Qg5 16. a3 Bd6 17. Rfe1 Ne5 18. Bxe5 Bxe5 19. h4 Qf6 20. Bxh7+ Kh8 21.
Qh5 Bg4 22. Qxg4 Bxa1 23. Rxe8+ Rxe8 24. Bd3 g6 25. h5 Bd4 26. hxg6 Bxf2+ 27.
Kh2 fxg6 28. Bxg6 Bxg3+ 29. Qxg3 Rg8 30. Qh3+ Kg7 31. Qh7+ Kf8 32. Qh6+ Ke7 33.
Qe3+ Kd8 34. Bd3 d4 35. Qe1 Rg5 36. Kg1 Rh5 37. Qg3 a5 38. Qb8+ Ke7 39. Qc7+
Kf8 40. Bc4 Re5 41. Qb8+ Kg7 42. Qg8+ Kh6 43. Qg3 Re3 44. Qf2 Qe5 45. Qf8+ Kg5
46. Qg8+ Kh4 47. Qh7+ Kg4 48. Qg6+ Qg5 49. Qxg5+ Kxg5 50. a4 Kf4 51. Kf2 c5 52.
Bd3 Rg3 53. Bc4 Rc3 54. Bd3 c4 55. bxc4 Ra3 56. c5 Rxa4 57. c6 Ra3 58. c4 Ra2+
59. Kg1 Kg3 60. Bf1 Rf2 61. Bd3 Rf7 62. Be4 a4 63. Bd5 Re7 64. Kf1 d3 65. c7 d2
0-1

[Event "GBR-ch 99th"]
[Site "North Shields"]
[Date "2012.07.27"]
[Round "5"]
[White "Oswald, Graeme"]
[Black "Maroroa, Sue Yuchan"]
[Result "1/2-1/2"]
[WhiteElo "2178"]
[BlackElo "2035"]
[PlyCount "90"]
[EventDate "2012.07.23"]
[EventType "swiss"]
[EventRounds "11"]
[EventCountry "ENG"]
[Source "John Saunders"]
[SourceDate "2015.07.24"]

1. e4 e5 2. Nf3 Nc6 3. Bb5 a6 4. Ba4 Nf6 5. O-O Be7 6. Re1 b5 7. Bb3 O-O 8. c3
d6 9. h3 Na5 10. Bc2 d5 11. d4 Nxe4 12. Nxe5 f6 13. Nf3 f5 14. Nbd2 Kh8 15. Ne5
Bf6 16. Qh5 Bxe5 17. dxe5 Qe7 18. Nf3 Bd7 19. Bg5 Qe8 20. Qxe8 Raxe8 21. Bf4
Nc4 22. Rab1 c6 23. h4 h6 24. g3 Rg8 25. Kg2 Re7 26. Bd3 g5 27. hxg5 hxg5 28.
Bxe4 gxf4 29. Bd3 fxg3 30. fxg3 Rg4 31. b3 Na3 32. Rh1+ Kg8 33. Rbg1 c5 34. Rh5
f4 35. Kf2 c4 36. bxc4 bxc4 37. Bf5 Bxf5 38. Rxf5 fxg3+ 39. Rxg3 Rxg3 40. Kxg3
Nb5 41. Nd4 Nxc3 42. e6 Nb5 43. Rxd5 Nxd4 44. Rxd4 Rxe6 45. Rxc4 Re3+ 1/2-1/2

[Event "GBR-ch 99th"]
[Site "North Shields"]
[Date "2012.07.27"]
[Round "5"]
[White "Palliser, Richard"]
[Black "Varnam, Liam"]
[Result "1-0"]
[WhiteElo "2482"]
[BlackElo "2070"]
[PlyCount "95"]
[EventDate "2012.07.23"]
[EventType "swiss"]
[EventRounds "11"]
[EventCountry "ENG"]
[Source "John Saunders"]
[SourceDate "2015.07.24"]

1. d4 d5 2. c4 dxc4 3. Nf3 Nf6 4. e3 e6 5. Bxc4 c5 6. O-O a6 7. Bd3 Nc6 8. Nc3
cxd4 9. exd4 Be7 10. Bg5 O-O 11. Rc1 Nb4 12. Bb1 b6 13. a3 Nbd5 14. Qd3 g6 15.
Ne5 Bb7 16. Bh6 Re8 17. Nxd5 Nxd5 18. Qe4 f5 19. Qf3 Bg5 20. Bxg5 Qxg5 21. Qg3
Qxg3 22. hxg3 Rac8 23. Ba2 Red8 24. Rfe1 Kf8 25. Bxd5 Bxd5 26. Nd7+ Ke7 27.
Nxb6 Rxc1 28. Rxc1 Kd6 29. Rc5 Rb8 30. Nxd5 exd5 31. b4 Re8 32. Kf1 Re4 33. Ra5
Rxd4 34. Rxa6+ Ke5 35. Ke2 Re4+ 36. Kd3 Rd4+ 37. Kc2 Re4 38. f3 Rc4+ 39. Kd3 g5
40. b5 Rc1 41. b6 Rb1 42. a4 Rb3+ 43. Kc2 Rb4 44. a5 Kd4 45. Ra7 Kc4 46. Rd7 d4
47. b7 d3+ 48. Kc1 1-0

[Event "GBR-ch 99th"]
[Site "North Shields"]
[Date "2012.07.27"]
[Round "5"]
[White "Poobalasingam, Peter"]
[Black "Coathup, Roger"]
[Result "1-0"]
[WhiteElo "2263"]
[BlackElo "2136"]
[PlyCount "91"]
[EventDate "2012.07.23"]
[EventType "swiss"]
[EventRounds "11"]
[EventCountry "ENG"]
[Source "John Saunders"]
[SourceDate "2015.07.24"]

1. d4 Nf6 2. Nf3 g6 3. g3 Bg7 4. c4 O-O 5. Bg2 d6 6. O-O Nbd7 7. Nc3 e5 8. e4
a6 9. Qc2 exd4 10. Nxd4 Re8 11. Rd1 Rb8 12. h3 c5 13. Nf3 b5 14. Bf4 Bf8 15. e5
Nh5 16. Bg5 f6 17. exf6 Nhxf6 18. Bf4 Qb6 19. Qd3 Ne5 20. Bxe5 dxe5 21. Ng5 Bf5
22. Qe2 e4 23. g4 Bc8 24. Nd5 Nxd5 25. cxd5 Bg7 26. Nxe4 Bb7 27. Qc2 Bd4 28. b4
cxb4 29. Rxd4 Qxd4 30. Rd1 Qe5 31. Qd2 Rbd8 32. Nc5 Bc8 33. Qxb4 Rf8 34. Qd2
Kh8 35. Re1 Qd6 36. Qb2+ Qf6 37. Qd2 Kg8 38. Rd1 a5 39. d6 Bd7 40. Re1 Kh8 41.
g5 Qg7 42. Re7 Rf7 43. Qxa5 Rc8 44. Nxd7 Rc1+ 45. Kh2 Rxe7 46. Qd8+ 1-0

[Event "GBR-ch 99th"]
[Site "North Shields"]
[Date "2012.07.27"]
[Round "5"]
[White "Surtees, Michael"]
[Black "Lenier, Jude"]
[Result "1-0"]
[WhiteElo "2113"]
[BlackElo "2016"]
[PlyCount "51"]
[EventDate "2012.07.23"]
[EventType "swiss"]
[EventRounds "11"]
[EventCountry "ENG"]
[Source "John Saunders"]
[SourceDate "2015.07.24"]

1. e4 e5 2. f4 exf4 3. Be2 Nc6 4. d4 g5 5. h4 Bg7 6. c3 h6 7. hxg5 hxg5 8. Rxh8
Bxh8 9. Nh3 d6 10. Bg4 Bf6 11. Bxc8 Qxc8 12. Qh5 Qd8 13. Nd2 Qe7 14. Nf2 O-O-O
15. Nf3 Nh6 16. Bxf4 gxf4 17. Qxh6 Rg8 18. Kf1 Bg5 19. Qh7 Rg6 20. Re1 Bh6 21.
b4 b5 22. e5 d5 23. Nd3 Qe6 24. Nc5 Qg4 25. Re2 Qh5 26. Qxf7 1-0

[Event "GBR-ch 99th"]
[Site "North Shields"]
[Date "2012.07.27"]
[Round "5"]
[White "Tambini, Jasper"]
[Black "Foster, James M"]
[Result "0-1"]
[WhiteElo "1958"]
[BlackElo "2037"]
[PlyCount "106"]
[EventDate "2012.07.23"]
[EventType "swiss"]
[EventRounds "11"]
[EventCountry "ENG"]
[Source "John Saunders"]
[SourceDate "2015.07.24"]

1. e4 e6 2. d4 d5 3. e5 c5 4. c3 Qb6 5. Nf3 Nc6 6. a3 Bd7 7. b4 cxd4 8. cxd4
Rc8 9. Bb2 Nge7 10. Nc3 Na5 11. Na4 Qc6 12. Nc3 Nc4 13. Bxc4 dxc4 14. O-O Nd5
15. Qd2 b5 16. Nxd5 exd5 17. Bc3 Be7 18. Qf4 O-O 19. Qg3 Bf5 20. Rfe1 Be4 21.
Ng5 Bxg5 22. Qxg5 f6 23. exf6 Rxf6 24. Qe3 Rcf8 25. f4 Rxf4 26. Rf1 Qg6 27. Qg3
Qxg3 28. hxg3 Rxf1+ 29. Rxf1 Re8 30. Re1 Re6 31. Re2 Kf7 32. Re3 Kg6 33. Be1
Rf6 34. Bf2 Ra6 35. Be1 Bd3 36. g4 Rxa3 37. Bh4 Ra1+ 38. Kh2 Be4 39. Be1 Ra2
40. Rg3 Kg5 41. Bc3 a6 42. Be1 g6 43. Bc3 Kf4 44. Kh3 Rc2 45. Be1 Re2 46. Bc3
Bxg2+ 47. Rxg2 Re3+ 48. Kh2 Rxc3 49. Ra2 Rd3 50. Rxa6 Rxd4 51. Ra5 c3 52. Rxb5
c2 53. Rc5 Rc4 0-1

[Event "GBR-ch 99th"]
[Site "North Shields"]
[Date "2012.07.27"]
[Round "5"]
[White "Turner, Matthew"]
[Black "Hanley, James L"]
[Result "1-0"]
[WhiteElo "2508"]
[BlackElo "2244"]
[PlyCount "79"]
[EventDate "2012.07.23"]
[EventType "swiss"]
[EventRounds "11"]
[EventCountry "ENG"]
[Source "John Saunders"]
[SourceDate "2015.07.24"]

1. e4 c5 2. Nf3 d6 3. c3 Nf6 4. Bd3 g6 5. O-O Bg7 6. Bc2 O-O 7. h3 Nc6 8. Re1
e5 9. d3 Rb8 10. a3 b5 11. Be3 Nh5 12. d4 cxd4 13. cxd4 b4 14. d5 Na5 15. axb4
Nc4 16. Bxa7 Rxb4 17. b3 Na5 18. Be3 Rb8 19. Bg5 f6 20. Bd2 Nb7 21. Nc3 Nc5 22.
Rb1 Na6 23. Bd3 Qe8 24. Bc4 Nb4 25. Ra1 Rf7 26. Ra5 Qd8 27. Rb5 Bd7 28. Rxb8
Qxb8 29. g4 Nf4 30. Bxf4 exf4 31. Qd2 h5 32. Nd4 hxg4 33. Nc6 Nxc6 34. dxc6
Bxc6 35. Qxf4 gxh3 36. Rd1 f5 37. Rxd6 Qa8 38. Rxg6 Qa1+ 39. Kh2 Qxc3 40. Rxc6
1-0

[Event "GBR-ch 99th"]
[Site "North Shields"]
[Date "2012.07.27"]
[Round "5"]
[White "Wadsworth, Matthew J"]
[Black "McDonald, Ian"]
[Result "1-0"]
[WhiteElo "2037"]
[BlackElo "1876"]
[PlyCount "62"]
[EventDate "2012.07.23"]
[EventType "swiss"]
[EventRounds "11"]
[EventCountry "ENG"]
[Source "John Saunders"]
[SourceDate "2015.07.24"]

1. e4 e5 2. Nf3 Nc6 3. Bb5 Nf6 4. O-O Be7 5. Re1 d6 6. h3 O-O 7. c3 Bd7 8. d4
Nxd4 9. Nxd4 exd4 10. Bxd7 Qxd7 11. cxd4 d5 12. e5 Ne4 13. Nc3 Nxc3 14. bxc3 c5
15. Be3 Rac8 16. Qd3 c4 17. Qc2 b5 18. f4 f5 19. Bd2 b4 20. cxb4 c3 21. Bxc3
Bxb4 22. Re3 Qc6 23. Rc1 Rf7 24. Qb3 Qc4 25. Bb2 Bd2 26. Rxc4 dxc4 27. Qa3 Rb7
28. Rf3 Bb4 29. Qa6 Rcc7 30. Bc3 Rb6 31. Qa4 Rcb7 1-0

[Event "GBR-ch 99th"]
[Site "North Shields"]
[Date "2012.07.27"]
[Round "5"]
[White "Wall, Tim"]
[Black "Ledger, Stephen"]
[Result "1/2-1/2"]
[WhiteElo "2347"]
[BlackElo "2089"]
[PlyCount "111"]
[EventDate "2012.07.23"]
[EventType "swiss"]
[EventRounds "11"]
[EventCountry "ENG"]
[Source "John Saunders"]
[SourceDate "2015.07.24"]

1. e4 c5 2. d4 cxd4 3. c3 d5 4. exd5 Qxd5 5. cxd4 Nc6 6. Nf3 e5 7. Nc3 Bb4 8.
Bd2 Bxc3 9. Bxc3 e4 10. Ne5 Nxe5 11. dxe5 Ne7 12. Qe2 Bf5 13. Rd1 Qc6 14. Bb4
Rd8 15. Rxd8+ Kxd8 16. Qd2+ Ke8 17. Be2 e3 18. fxe3 Qd5 19. Bf3 Qxd2+ 20. Bxd2
Nc6 21. O-O Be6 22. a3 Ke7 23. Bc3 Rd8 24. Be4 Bd5 25. Bc2 g6 26. Rf6 Be6 27.
Kf2 Rc8 28. Be4 Rd8 29. Bc2 Rc8 30. Ba4 Rd8 31. e4 Rd3 32. Bc2 Rxc3 33. bxc3
Nxe5 34. Rf4 g5 35. Rf5 Bxf5 36. exf5 f6 37. Bb3 Kd6 38. h3 Kc5 39. Ke2 b6 40.
g3 h6 41. h4 a5 42. hxg5 hxg5 43. a4 b5 44. axb5 Kxb5 45. Ke3 a4 46. Ba2 Kc5
47. Ke4 a3 48. Ke3 Nc4+ 49. Kd3 Nd6 50. g4 Nb5 51. Kc2 Nd6 52. Kd3 Nb5 53. Kc2
Na7 54. Bf7 Nc6 55. Kb3 Ne5 56. Bh5 1/2-1/2

[Event "GBR-ch 99th"]
[Site "North Shields"]
[Date "2012.07.28"]
[Round "6"]
[White "Adair, James"]
[Black "Bhatia, Kanwal K"]
[Result "1/2-1/2"]
[WhiteElo "2262"]
[BlackElo "2103"]
[PlyCount "109"]
[EventDate "2012.07.23"]
[EventType "swiss"]
[EventRounds "11"]
[EventCountry "ENG"]
[Source "John Saunders"]
[SourceDate "2015.07.24"]

1. e4 e5 2. Nf3 Nc6 3. Bb5 a6 4. Bxc6 dxc6 5. O-O Bd6 6. d4 exd4 7. Qxd4 f6 8.
Be3 Be6 9. Nbd2 Ne7 10. Rad1 Ng6 11. Nc4 Bxc4 12. Qxc4 Qe7 13. Bd4 O-O-O 14.
Bc3 h5 15. Rfe1 h4 16. e5 Nxe5 17. Bxe5 Bxe5 18. Rxd8+ Rxd8 19. Qxh4 Qd7 20.
Nxe5 fxe5 21. g3 Qd4 22. Qxd4 exd4 23. Re7 Rd7 24. Re8+ Rd8 25. Rxd8+ Kxd8 26.
Kg2 c5 27. Kf3 c4 28. Ke4 c5 29. a4 b5 30. axb5 axb5 31. c3 dxc3 32. bxc3 b4
33. Ke3 b3 34. Kd2 Ke7 35. f4 Ke6 36. g4 Kd5 37. h4 Ke6 38. h5 Kf6 39. Kc1 Ke6
40. Kb2 Kf6 41. Kb1 Ke6 42. g5 Kf7 43. f5 Kg8 44. Kb2 Kf7 45. Kc1 Kg8 46. Kd2
Kf7 47. Kd1 Kg8 48. Kc1 Kf7 49. Kd2 Kg8 50. Kd1 Kf7 51. h6 gxh6 52. gxh6 Kf6
53. Kd2 Kf7 54. Kc1 Kf6 55. Kb2 1/2-1/2

[Event "GBR-ch 99th"]
[Site "North Shields"]
[Date "2012.07.28"]
[Round "6"]
[White "Burke, Mitchell R"]
[Black "Oswald, Graeme"]
[Result "1-0"]
[WhiteElo "1917"]
[BlackElo "2178"]
[PlyCount "85"]
[EventDate "2012.07.23"]
[EventType "swiss"]
[EventRounds "11"]
[EventCountry "ENG"]
[Source "John Saunders"]
[SourceDate "2015.07.24"]

1. e4 c5 2. Nc3 Nc6 3. f4 g6 4. Nf3 Bg7 5. Bb5 Nd4 6. O-O Nxb5 7. Nxb5 d5 8. e5
d4 9. c3 a6 10. Na3 d3 11. Nc4 h5 12. Qe1 Nh6 13. b3 O-O 14. Qe3 b6 15. Nb2 Bf5
16. h3 Qd5 17. c4 Qd7 18. Ne1 Rad8 19. Na4 Qc6 20. Bb2 Rd7 21. Nc3 e6 22. Nd1
b5 23. Rc1 b4 24. Nf2 Rfd8 25. Nf3 Bf8 26. g3 Be7 27. Nh2 Kg7 28. Qf3 Qxf3 29.
Nxf3 a5 30. Ng5 a4 31. Kg2 Ra7 32. Kf3 axb3 33. axb3 Ra2 34. Rb1 f6 35. exf6+
Bxf6 36. Bxf6+ Kxf6 37. g4 hxg4+ 38. hxg4 e5 39. gxf5 gxf5 40. Rh1 exf4 41.
Rxh6+ Kxg5 42. Rbh1 Rxd2 43. R1h5# 1-0

[Event "GBR-ch 99th"]
[Site "North Shields"]
[Date "2012.07.28"]
[Round "6"]
[White "Coathup, Roger"]
[Black "Wall, Tim"]
[Result "1/2-1/2"]
[WhiteElo "2136"]
[BlackElo "2347"]
[PlyCount "81"]
[EventDate "2012.07.23"]
[EventType "swiss"]
[EventRounds "11"]
[EventCountry "ENG"]
[Source "John Saunders"]
[SourceDate "2015.07.24"]

1. c4 g6 2. Nf3 Bg7 3. g3 f5 4. d4 Nf6 5. Bg2 d6 6. Nc3 O-O 7. O-O Nc6 8. b3
Ne4 9. Bb2 Nxc3 10. Bxc3 e5 11. dxe5 dxe5 12. Qxd8 Rxd8 13. Rfd1 Rxd1+ 14. Rxd1
e4 15. Nd4 Nxd4 16. Bxd4 Be6 17. Bxg7 Kxg7 18. f3 exf3 19. Bxf3 c6 20. e4 fxe4
21. Bxe4 Re8 22. Bf3 Kf6 23. Kf2 a5 24. h4 a4 25. Rb1 axb3 26. axb3 Ra8 27. Re1
Ra2+ 28. Re2 Ra1 29. Be4 Rc1 30. Re3 Bg4 31. Bf3 Be6 32. Be4 Rd1 33. Bf3 Rb1
34. Be4 Rb2+ 35. Kf3 h5 36. Kf4 Bg4 37. Bf3 Be6 38. Be4 Bg4 39. Bf3 Be6 40. Be4
Rf2+ 41. Rf3 1/2-1/2

[Event "GBR-ch 99th"]
[Site "North Shields"]
[Date "2012.07.28"]
[Round "6"]
[White "Combie, Alexander"]
[Black "Murphy, Hugh"]
[Result "1/2-1/2"]
[WhiteElo "2039"]
[BlackElo "2180"]
[PlyCount "50"]
[EventDate "2012.07.23"]
[EventType "swiss"]
[EventRounds "11"]
[EventCountry "ENG"]
[Source "John Saunders"]
[SourceDate "2015.07.24"]

1. d4 d5 2. c4 e6 3. Nf3 Nf6 4. g3 Bb4+ 5. Nbd2 O-O 6. Bg2 c6 7. Qc2 b6 8. O-O
Bb7 9. e4 Nbd7 10. e5 Ne8 11. b3 Rc8 12. Bb2 Be7 13. Rfd1 Qc7 14. Rac1 Qb8 15.
Qb1 a5 16. Nf1 Nc7 17. Ne3 Rfd8 18. h4 Nf8 19. Ng5 h6 20. Nh3 c5 21. dxc5 Bxc5
22. Bd4 Bxd4 23. Rxd4 dxc4 24. Rxd8 Rxd8 25. Bxb7 Qxb7 1/2-1/2

[Event "GBR-ch 99th"]
[Site "North Shields"]
[Date "2012.07.28"]
[Round "6"]
[White "Eggleston, David"]
[Black "Burnett, Jim"]
[Result "1-0"]
[WhiteElo "2323"]
[BlackElo "2174"]
[PlyCount "71"]
[EventDate "2012.07.23"]
[EventType "swiss"]
[EventRounds "11"]
[EventCountry "ENG"]
[Source "John Saunders"]
[SourceDate "2015.07.24"]

1. e4 e6 2. d4 d5 3. Nc3 Bb4 4. e5 c5 5. a3 Bxc3+ 6. bxc3 Ne7 7. Qg4 Qc7 8.
Qxg7 Rg8 9. Qxh7 cxd4 10. Ne2 Nbc6 11. f4 dxc3 12. Qd3 d4 13. Nxd4 Nxd4 14.
Qxd4 Bd7 15. Rg1 Nf5 16. Qf2 Qc6 17. Bd3 Qd5 18. Rb1 b6 19. Rb4 Rc8 20. g4 Ne7
21. h4 Qa2 22. h5 Qa1 23. Ke2 Nd5 24. Rd4 Bc6 25. Qh4 Kd7 26. h6 Kc7 27. h7 Rh8
28. Qh6 Kb7 29. Qg7 Rcf8 30. f5 exf5 31. gxf5 Nc7 32. Rc4 a6 33. Rxc6 Kxc6 34.
Qf6+ Kb7 35. Be4+ Kc8 36. Qc6 1-0